Interior design illustrated

Bibliographic Details
Main Author: Ching, Francis D. K.
Format: Book
Published: New York : John Wiley and Sons , 1987
Subjects:

MARC

LEADER 00000cam a2200000 7i4500
001 0000010691
005 20050419.0
020 |a 0471288683 
040 |a INS 
090 0 0 |a NA2850.   |b C45 1987 
100 1 |a Ching, Francis D. K. 
245 1 0 |a Interior design illustrated   |c Francis D. K. Ching 
260 |a New York :   |b John Wiley and Sons ,   |c 1987 
300 |a 318p ;   |c 28cm. 
650 0 0 |a Interior architecture,design 
650 0 0 |a Interior decoration,human factors 
999 |a 0000009687   |b BOOK   |c Open Shelf   |e Default branch